00502nam a2200157 i 450000100060000000300090000600500170001500700030003200800410003510000290007624500710010526000940017630000400027070000130031085200210032376890ES-MaACL20230906173016.0t|041005s1912 fr ||||1| fre d1 aGuilliermond, Alexandre.14aLes levures / cpar Alexandre Guilliermond ; préface du E. Roux. aParis : bOctave Dion et Fils, c1912 (ePoitiers : fSociété Francaise d'Imprimerie) aXII, 566, XII p. : bil. ; c19 cm.1 aRoux, E. aES-MaACLjD-4429